[Event "Novi Sad"]
[Site "Novi Sad"]
[Date "1976.??.??"]
[Round "?"]
[White "Smejkal, Jan"]
[Black "Popovic, Petar"]
[Result "1/2-1/2"]
[WhiteElo "2615"]
[BlackElo "2405"]
[PlyCount "35"]
[EventDate "1976.??.??"]
[Source "www.chesslib.no"]
[SourceDate "2004.05.04"]

1. d4 Nf6 2. c4 e5 3. dxe5 Ne4 4. Nf3 Nc6 5. a3 d6 6. Qc2 Bf5 7. Nc3 Nxc3 8. Qxf5 Na4 9. g3 Be7 10. Qc2 Nc5 11. b4 Ne6 12. exd6 cxd6 13. Bg2 O-O 14. O-O Rc8 15. Bb2 Qb6 16. Rfd1 Rfd8 17. Qe4 a5 18. Bh3 1/2-1/2

[Event "Strumica"]
[Site "Strumica"]
[Date "1995.??.??"]
[Round "16"]
[White "Kutirov, Rolando"]
[Black "Kurajica, Bojan"]
[Result "1-0"]
[WhiteElo "2425"]
[BlackElo "2585"]
[PlyCount "57"]
[EventDate "1995.??.??"]
[Source "www.chesslib.no"]
[SourceDate "2004.05.04"]

1. d4 Nf6 2. c4 e5 3. dxe5 Ne4 4. a3 Qh4 5. g3 Qh5 6. Bg2 Qxe5 7. Nf3 Qe7 8. O-O d6 9. Nd4 c6 10. b4 g6 11. Bb2 Nf6 12. Nc3 Bg7 13. b5 c5 14. Nc2 O-O 15. Ne3 Be6 16. Ncd5 Nxd5 17. Nxd5 Qd8 18. Bxg7 Kxg7 19. Qd2 Nd7 20. Rfd1 a6 21. Qc3+ Kg8 22. Nf4 axb5 23. Nxe6 fxe6 24. Rxd6 Ra6 25. Rad1 Rxd6 26. Rxd6 bxc4 27. Qxc4 Qa5 28. Qxe6+ Kh8 29. Bf3 1-0

[Event "Ch France (open) (c)"]
[Site "Meribel (France)"]
[Date "1998.05.19"]
[Round "11"]
[White "Soler, Osvaldo"]
[Black "Belunek, V."]
[Result "1/2-1/2"]
[WhiteElo "2540"]
[BlackElo "2455"]
[PlyCount "62"]
[EventDate "1998.??.??"]
[Source "www.chesslib.no"]
[SourceDate "2004.05.04"]

1. d4 Nf6 2. c4 e5 3. dxe5 Ne4 4. a3 Qh4 5. Be3 Bc5 6. Bxc5 Nxc5 7. Nd2 Nc6 8. Ngf3 Qe7 9. b4 Ne6 10. c5 b6 11. cxb6 axb6 12. e3 O-O 13. Bb5 Ned8 14. Qc1 Ra7 15. Qc3 Re8 16. O-O Nxe5 17. Rfc1 Nxf3+ 18. Nxf3 Ne6 19. a4 Ba6 20. Bxa6 Rxa6 21. a5 bxa5 22. b5 Rb6 23. Rxa5 Reb8 24. Qc4 h6 25. h3 d6 26. Qd5 Qe8 27. Nd4 Nxd4 28. Qxd4 Rxb5 29. Rxb5 Rxb5 30. Rxc7 Rb1+ 31. Kh2 Qe5+ 1/2-1/2

[Event "Belgorod"]
[Site "Belgorod"]
[Date "1990.??.??"]
[Round "?"]
[White "Moskalenko, Viktor"]
[Black "Mohr, Georg"]
[Result "1/2-1/2"]
[WhiteElo "2525"]
[BlackElo "2450"]
[PlyCount "59"]
[EventDate "1990.??.??"]
[Source "www.chesslib.no"]
[SourceDate "2004.05.04"]

1. d4 Nf6 2. c4 e5 3. dxe5 Ne4 4. Nf3 Nc6 5. Nbd2 Nc5 6. Nb3 Nxb3 7. axb3 Bb4+ 8. Bd2 Qe7 9. e3 O-O 10. Be2 Nxe5 11. Nxe5 Bxd2+ 12. Qxd2 Qxe5 13. O-O d6 14. Bf3 a6 15. b4 Rb8 16. Rfc1 Rd8 17. Ra3 Be6 18. Rd3 b6 19. Bd5 a5 20. bxa5 bxa5 21. b3 Rb4 22. e4 Rdb8 23. f4 Qf6 24. e5 dxe5 25. Bxe6 e4 26. Bxf7+ Kxf7 27. Rd7+ Kf8 28. Qe3 Rxb3 29. Qxe4 Kg8 30. c5 1/2-1/2

[Event "Bohemians-W"]
[Site "Prague Bohemians-W"]
[Date "1990.??.??"]
[Round "?"]
[White "Finegold, Benjamin"]
[Black "Rogers, Ian"]
[Result "1-0"]
[WhiteElo "2445"]
[BlackElo "2515"]
[PlyCount "66"]
[EventDate "1990.??.??"]
[Source "www.chesslib.no"]
[SourceDate "2004.05.04"]

1. d4 Nf6 2. c4 e5 3. dxe5 Ne4 4. Nf3 d6 5. Qd5 Nc5 6. Bg5 Qd7 7. Nc3 Nc6 8. exd6 Bxd6 9. Nb5 Nb4 10. Nxd6+ cxd6 11. Qd2 Qa4 12. Nd4 O-O 13. b3 Qa5 14. f3 Re8 15. e3 Ncd3+ 16. Bxd3 Nxd3+ 17. Ke2 Qxg5 18. Kxd3 Bd7 19. e4 Qg6 20. g4 Rac8 21. Qf4 d5 22. cxd5 Qa6+ 23. Ke3 Rc3+ 24. Kf2 Qb6 25. Rhd1 Bb5 26. Kg3 Bd3 27. e5 Qg6 28. d6 h5 29. Rac1 Rxc1 30. Rxc1 hxg4 31. Qxg4 Qxg4+ 32. Kxg4 Rd8 33. Rc7 f6 1-0

[Event "Bosnia & Herzegovina 73/73"]
[Site "?"]
[Date "1998.??.??"]
[Round "?"]
[White "Piket, Jeroen"]
[Black "Kamberovic, Senad"]
[Result "1-0"]
[WhiteElo "2605"]
[BlackElo "2315"]
[PlyCount "89"]
[EventDate "1998.??.??"]
[Source "ChessBase"]
[SourceDate "1998.06.01"]

1. d4 Nf6 2. c4 e5 3. dxe5 Ne4 4. Nf3 Nc6 5. Nbd2 Bb4 6. a3 Bxd2+ 7. Bxd2 Nxd2 8. Qxd2 Qe7 9. Qc3 O-O 10. O-O-O Re8 11. Rd5 b6 12. e3 Bb7 13. Bd3 Rad8 14. Kb1 Na5 15. b4 Nc6 16. h4 a5 17. b5 Nb8 18. Bc2 Bxd5 19. cxd5 d6 20. e6 fxe6 21. Ng5 exd5 22. Bxh7+ Kh8 23. Qd3 Qf6 24. Bg6 Re7 25. Rh3 Nd7 26. Rf3 Ne5 27. Rxf6 Nxd3 28. Rf7 Re4 29. Rxc7 Rb8 30. Nf7+ Kg8 31. Nxd6 Nxf2 32. Nf5 Ng4 33. Rxg7+ Kh8 34. Rh7+ Kg8 35. Ne7+ Rxe7 36. Rxe7 Kf8 37. Re6 Kg7 38. Bf5 Nf6 39. g4 d4 40. exd4 Nd5 41. a4 Rd8 42. h5 Nc3+ 43. Kc2 Nd5 44. h6+ Kf7 45. g5 1-0

[Event "10. Open"]
[Site "?"]
[Date "2005.05.07"]
[Round "6"]
[White "Ivanov Mikhail M"]
[Black "Gutman Lev"]
[Result "1-0"]
[WhiteElo "2418"]
[BlackElo "2469"]
[PlyCount "82"]
[EventDate "2005.??.??"]
[Source "www.chesslib.no"]
[SourceDate "2004.05.04"]

1. d4 Nf6 2. c4 e5 3. dxe5 Ne4 4. Nf3 Bb4+ 5. Nbd2 Nc6 6. a3 Nxd2 7. Bxd2 Bxd2+ 8. Qxd2 Qe7 9. Qd5 O-O 10. e3 Re8 11. Be2 Nxe5 12. Nxe5 Qxe5 13. Qxe5 Rxe5 14. Bf3 a5 15. O-O-O c6 16. Kb1 Kf8 17. Rd2 Ke7 18. Rhd1 Kd8 19. Bg4 Re7 20. f3 a4 21. e4 Ra5 22. h4 g6 23. Bh3 Rc5 24. Rd4 Kc7 25. g4 d6 26. Bf1 Be6 27. Rxd6 Bd5 28. Rf6 Be6 29. g5 Rd7 30. Rxd7+ Kxd7 31. Kc2 h6 32. f4 hxg5 33. hxg5 Ke7 34. Kc3 Ra5 35. Kd4 Ra8 36. f5 gxf5 37. exf5 Bd7 38. c5 Rg8 39. Bc4 Be8 40. Rd6 Rxg5 41. f6+ Kf8 1-0

[Event "Voskresensk"]
[Site "Voskresensk"]
[Date "1990.??.??"]
[Round "?"]
[White "Naumkin, Igor"]
[Black "Mohr, Stefan"]
[Result "1-0"]
[WhiteElo "2455"]
[BlackElo "2425"]
[PlyCount "76"]
[EventDate "1990.07.??"]
[Source "www.chesslib.no"]
[SourceDate "2004.05.04"]

1. d4 Nf6 2. c4 e5 3. dxe5 Ne4 4. a3 Qh4 5. g3 Qh5 6. Qd5 Nc5 7. Nd2 Nc6 8. b4 Na4 9. Ngf3 Qg6 10. Bg2 d6 11. exd6 Qf6 12. Nb3 Qc3+ 13. Nfd2 cxd6 14. O-O Be7 15. Qb5 Nb6 16. c5 dxc5 17. bxc5 Nd7 18. Ne4 Qc2 19. Bf4 O-O 20. Rfc1 a6 21. Qd3 Qxd3 22. exd3 Nde5 23. Bxe5 Nxe5 24. d4 Ng6 25. d5 f5 26. Nc3 f4 27. d6 Bd8 28. Bd5+ Kh8 29. Rab1 Ne5 30. Ne4 Ra7 31. Nd4 Re8 32. Rc3 Nd7 33. Rcb3 Nf8 34. f3 Rxe4 35. Bxe4 Bf6 36. Ne2 Ne6 37. Bxb7 Nxc5 38. Bxc8 Rb7 1-0

[Event "Antwerp op"]
[Site "Antwerp"]
[Date "1996.??.??"]
[Round "7"]
[White "Akesson, Ralf"]
[Black "Eliet, Nicolas"]
[Result "1/2-1/2"]
[WhiteElo "2500"]
[BlackElo "2380"]
[PlyCount "58"]
[EventDate "1996.07.??"]
[Source "www.chesslib.no"]
[SourceDate "2004.05.04"]

1. d4 Nf6 2. c4 e5 3. dxe5 Ne4 4. Nd2 Nc5 5. Ngf3 Nc6 6. g3 d6 7. exd6 Bxd6 8. Bg2 Bg4 9. O-O Qe7 10. a3 a5 11. b3 O-O 12. Bb2 f5 13. e3 Nd3 14. Bc3 Rad8 15. Qc2 Bc5 16. Nd4 Nxf2 17. Rxf2 Qxe3 18. Nf1 Nxd4 19. Nxe3 Nxc2 20. Nxc2 f4 21. gxf4 Rxf4 22. Raf1 Bd1 23. Ne1 Be2 24. b4 axb4 25. axb4 Bxf1 26. bxc5 Rxc4 27. Bxg7 Kxg7 28. Kxf1 Rxc5 29. Bxb7 Rf8 1/2-1/2

[Event "Oberliga Ost-B 9900"]
[Site "?"]
[Date "2000.04.09"]
[Round "11.1"]
[White "Grabarczyk Miroslaw"]
[Black "Euler Gerd"]
[Result "0-1"]
[WhiteElo "2484"]
[BlackElo "2386"]
[PlyCount "48"]
[EventDate "2000.??.??"]
[Source "www.chesslib.no"]
[SourceDate "2004.05.04"]

1. d4 Nf6 2. c4 e5 3. dxe5 Ne4 4. Nf3 Nc6 5. a3 d6 6. exd6 Bxd6 7. Nbd2 Bf5 8. g3 Bc5 9. e3 Qe7 10. Qe2 O-O-O 11. Nh4 Nxd2 12. Bxd2 Be4 13. Bg2 Bd3 14. Qg4+ f5 15. Nxf5 Qd7 16. Bh3 Kb8 17. Bc3 Rhf8 18. O-O-O Qf7 19. Nd4 Bxd4 20. exd4 Qxc4 21. Qe6 Qb5 22. Rxd3 Qxd3 23. Rd1 Qf3 24. Bg4 Qxf2 0-1

[Event "ESP-chT"]
[Site "Barcelona"]
[Date "2000.08.06"]
[Round "2"]
[White "Paramos Dominguez, Roberto"]
[Black "Bellon Lopez, Juan Manuel"]
[Result "1-0"]
[WhiteElo "2439"]
[BlackElo "2421"]
[PlyCount "117"]
[EventDate "2000.08.05"]
[Source "ChessBase"]
[SourceDate "2000.09.14"]

1. d4 Nf6 2. c4 e5 3. dxe5 Ne4 4. Nf3 Bb4+ 5. Nbd2 Nc6 6. a3 Nxd2 7. Nxd2 Bxd2+ 8. Bxd2 Nxe5 9. Bc3 Qe7 10. e3 d6 11. Be2 O-O 12. O-O f6 13. Qd5+ Kh8 14. Rac1 Rb8 15. c5 Be6 16. cxd6 cxd6 17. Qd4 Nc6 18. Qh4 Bg8 19. Rfd1 Rfd8 20. Bd3 d5 21. Bf5 h6 22. Rd2 Bh7 23. Bh3 Qe4 24. Bxf6 Rd6 25. Qxe4 Bxe4 26. Bh4 Re8 27. Bg3 Rf6 28. Bd7 Re7 29. Bg4 Na5 30. Rc8+ Kh7 31. Be2 Rc6 32. Rxc6 bxc6 33. Rd4 Rb7 34. Rb4 Rxb4 35. axb4 Nc4 36. Bb8 Nxb2 37. Bxa7 Bd3 38. Bg4 Bb5 39. Bc5 Kg6 40. Bd7 Nd3 41. Bd6 Kf6 42. f4 h5 43. g3 g6 44. h3 Ne1 45. g4 hxg4 46. hxg4 Nf3+ 47. Kg2 Nd2 48. g5+ Kf7 49. Bc5 Bf1+ 50. Kg3 Ne4+ 51. Kh4 Bb5 52. f5 gxf5 53. Kh5 f4 54. g6+ Kf6 55. Bd4+ Ke7 56. g7 Kxd7 57. g8=Q f3 58. Qf7+ Kd6 59. Bc5+ 1-0

[Event "op, Las Palmas"]
[Site "Las Palmas"]
[Date "1995.??.??"]
[Round "?"]
[White "Garcia, N."]
[Black "Rogers, I."]
[Result "1/2-1/2"]
[WhiteElo "2260"]
[BlackElo "2600"]
[PlyCount "69"]
[EventDate "1995.??.??"]
[Source "www.chesslib.no"]
[SourceDate "2004.05.04"]

1. d4 Nf6 2. c4 e5 3. dxe5 Ne4 4. a3 d6 5. Nf3 Nc6 6. Qc2 Nc5 7. b4 Ne6 8. Bb2 dxe5 9. e3 f6 10. Bd3 g6 11. h4 Bg7 12. Nc3 f5 13. O-O-O Qe7 14. Nd5 Qf7 15. Be2 e4 16. Ng5 Nxg5 17. hxg5 Ne5 18. Bd4 O-O 19. Qc3 Re8 20. Rh4 c6 21. Nf6+ Bxf6 22. gxf6 Nd7 23. Rdh1 Nf8 24. Bc5 Be6 25. Be7 Rxe7 26. fxe7 Qxe7 27. g4 a5 28. gxf5 Bxf5 29. c5 axb4 30. Bc4+ Be6 31. Qe5 Re8 32. Bxe6+ Qxe6 33. Qxe6+ Rxe6 34. axb4 h5 35. Rd1 1/2-1/2

[Event "Paretana"]
[Site "Paretana"]
[Date "2000.??.??"]
[Round "8"]
[White "Oms Pallise, Josep"]
[Black "Narciso Dublan, Marc"]
[Result "1/2-1/2"]
[WhiteElo "2410"]
[BlackElo "2445"]
[PlyCount "32"]
[EventDate "1999.12.??"]
[Source "ChessBase"]
[SourceDate "2000.03.10"]

1. d4 Nf6 2. c4 e5 3. dxe5 Ne4 4. Nf3 Nc6 5. Nbd2 Bb4 6. a3 Bxd2+ 7. Bxd2 Nxd2 8. Qxd2 Qe7 9. Qc3 b6 10. e3 Bb7 11. Be2 O-O-O 12. O-O-O Rhe8 13. Rd5 Nb8 14. Rd2 Nc6 15. Rd5 Nb8 16. Rd2 Nc6 1/2-1/2

[Event "Purmerend"]
[Site "Purmerend"]
[Date "1993.??.??"]
[Round "5"]
[White "Barsov, Alexei"]
[Black "Reinderman, Dimitri"]
[Result "0-1"]
[WhiteElo "2440"]
[BlackElo "2415"]
[PlyCount "78"]
[EventDate "1993.??.??"]
[Source "www.chesslib.no"]
[SourceDate "2004.05.04"]

1. d4 Nf6 2. c4 e5 3. dxe5 Ne4 4. a3 Nc6 5. Nf3 d6 6. Bf4 Bg4 7. Qd5 Nc5 8. exd6 cxd6 9. Nc3 Be6 10. Qd1 Bxc4 11. Nd2 Be6 12. e3 Rc8 13. b4 Nd7 14. Nde4 Nde5 15. Nd5 h6 16. Be2 f5 17. Nec3 g6 18. O-O Bg7 19. Rc1 O-O 20. Nb5 Kh8 21. Bg3 Re8 22. Nf4 d5 23. Nxe6 Rxe6 24. Rc5 Qe7 25. Rxd5 Rf8 26. f4 a6 27. fxe5 axb5 28. Rxb5 Nxe5 29. Qd5 b6 30. Rd1 Nf7 31. Bf1 Rd8 32. Qf3 Re8 33. Qd5 h5 34. Qd7 Qf6 35. Rbd5 Bh6 36. Kh1 Bxe3 37. h3 h4 38. Bxh4 g5 39. Be1 Ne5 0-1

[Event "IM Closed, Martinenc ESP"]
[Site "?"]
[Date "2001.??.??"]
[Round "1"]
[White "Narciso Dublan, M."]
[Black "Buecker, S."]
[Result "1-0"]
[WhiteElo "2505"]
[BlackElo "2345"]
[PlyCount "55"]
[EventDate "2001.??.??"]
[Source "www.chesslib.no"]
[SourceDate "2004.05.04"]

1. d4 Nf6 2. c4 e5 3. dxe5 Ne4 4. a3 b6 5. Nh3 a5 6. Nd2 Nc5 7. Nf3 Bb7 8. Nf4 a4 9. Nd5 Nc6 10. Bg5 Be7 11. Bxe7 Nxe7 12. e3 Ra5 13. Rb1 O-O 14. Be2 Ng6 15. O-O Re8 16. Qd4 Nb3 17. Qc3 c6 18. Nf4 Nxe5 19. Rbd1 f6 20. Nd4 Nc5 21. Nf5 Ne4 22. Qc2 d5 23. cxd5 cxd5 24. Rc1 Qd7 25. Qc7 Nd2 26. Qxd7 Nxd7 27. Rfd1 Nb3 28. Rc7 1-0

[Event "Budapest act Open"]
[Site "Budapest HUN"]
[Date "1995.??.??"]
[Round "?"]
[White "Rogozenko, Dorian"]
[Black "Kahn, Evarth"]
[Result "1-0"]
[WhiteElo "2440"]
[BlackElo "2400"]
[PlyCount "53"]
[EventDate "1995.??.??"]
[Source "www.chesslib.no"]
[SourceDate "2004.05.04"]

1. d4 Nf6 2. c4 e5 3. dxe5 Ne4 4. Nf3 Bb4+ 5. Nbd2 Nc6 6. a3 Nxd2 7. Bxd2 Bxd2+ 8. Qxd2 Qe7 9. Qc3 O-O 10. O-O-O Re8 11. Rd5 b6 12. e3 Bb7 13. Be2 a5 14. Rhd1 Nb4 15. axb4 Bxd5 16. Rxd5 axb4 17. Qd4 b3 18. Rxd7 Qb4 19. Bd3 Ra5 20. Rd8 Raxe5 21. Qd7 Kf8 22. Qxc7 Rxd8 23. Qxd8+ Re8 24. Qd5 Rc8 25. Nd2 g6 26. h4 h5 27. Kd1 1-0

[Event "Berlin GER"]
[Site "?"]
[Date "1984.12.02"]
[Round "2"]
[White "Chekhov Valery A"]
[Black "Thormann Wolfgang"]
[Result "1-0"]
[WhiteElo "2520"]
[BlackElo "2315"]
[PlyCount "79"]
[EventDate "1984.??.??"]
[Source "www.chesslib.no"]
[SourceDate "2004.05.04"]

1. d4 Nf6 2. c4 e5 3. dxe5 Ne4 4. a3 d6 5. Nf3 Nc6 6. Qc2 d5 7. Nc3 Nxc3 8. Qxc3 d4 9. Qd3 Bg4 10. Bf4 Qd7 11. h3 Bh5 12. O-O-O O-O-O 13. e3 Bg6 14. e4 a5 15. Be2 Qe7 16. Rhe1 h6 17. Bf1 Bh7 18. Qb3 g5 19. Bg3 Bg7 20. Qb5 Rhe8 21. Rd3 Bxe5 22. Rb3 Bxg3 23. fxg3 Kd7 24. Nxd4 Qf6 25. Rf3 Qxd4 26. Rd3 Kc8 27. Rxd4 Nxd4 28. Qa4 Bxe4 29. Bd3 Bc6 30. Qd1 Nb3+ 31. Kc2 Nc5 32. Rxe8 Ba4+ 33. Kc3 Bxd1 34. Bf5+ Ne6 35. Bxe6+ fxe6 36. Rxe6 Ba4 37. Rxh6 Bc6 38. Rg6 Bxg2 39. Rxg5 Bxh3 40. Rxa5 1-0

[Event "Budapest FS10 GM"]
[Site "Budapest"]
[Date "2002.10.15"]
[Round "11"]
[White "Kallio, Heikki"]
[Black "Kahn, Evarth"]
[Result "1-0"]
[WhiteElo "2471"]
[BlackElo "2355"]
[PlyCount "77"]
[EventDate "2002.10.05"]
[Source "ChessBase"]
[SourceDate "2002.11.06"]

1. d4 Nf6 2. c4 e5 3. dxe5 Ne4 4. Qc2 Bb4+ 5. Nd2 d5 6. a3 Bxd2+ 7. Bxd2 Bf5 8. Nf3 Ng3 9. e4 Bxe4 10. Qa4+ b5 11. cxb5 Nxh1 12. b6+ Qd7 13. b7 Qxa4 14. bxa8=Q O-O 15. Bb4 Nd7 16. Bxf8 Nxf8 17. Rd1 Nxf2 18. Rd4 Qc2 19. Rd2 Qc1+ 20. Kxf2 Bxf3 21. Rd3 Be4 22. Re3 Qxb2+ 23. Be2 Qxe5 24. Qxa7 h5 25. Bf3 f5 26. a4 Qxh2 27. a5 h4 28. a6 Qg3+ 29. Ke2 Bxf3+ 30. Rxf3 Qxg2+ 31. Qf2 Qg6 32. Ra3 f4 33. Qf3 Ne6 34. Kd2 Qb1 35. Qd3 Qb2+ 36. Kd1 Nc5 37. Qxd5+ Kh7 38. Qxc5 Qb1+ 39. Kd2 1-0

[Event "Las Palmas ESP"]
[Site "Las Palmas ESP"]
[Date "1995.??.??"]
[Round "9"]
[White "Garcia Vicente, Nieves"]
[Black "Rogers, Ian"]
[Result "1/2-1/2"]
[WhiteElo "2255"]
[BlackElo "2570"]
[PlyCount "69"]
[EventDate "1995.??.??"]
[Source "www.chesslib.no"]
[SourceDate "2004.05.04"]

1. d4 Nf6 2. c4 e5 3. dxe5 Ne4 4. a3 d6 5. Nf3 Nc6 6. Qc2 Nc5 7. b4 Ne6 8. Bb2 dxe5 9. e3 f6 10. Bd3 g6 11. h4 Bg7 12. Nc3 f5 13. O-O-O Qe7 14. Nd5 Qf7 15. Be2 e4 16. Ng5 Nxg5 17. hxg5 Ne5 18. Bd4 O-O 19. b5 Rd8 20. Qb1 Bd7 21. Nb4 Qe7 22. Bg4 Bc8 23. Kd2 Rd6 24. c5 Be6 25. Rc1 Nd3 26. Kd1 Bxd4 27. Be2 a5 28. exd4 Nxf2+ 29. Kc2 axb4 30. Bc4 Qf8 31. Kb2 Re8 32. Rcd1 Bd5 33. Rdf1 Rb6 34. axb4 Rd8 35. Kb3 1/2-1/2

[Event "Budapest FS08 GM"]
[Site "Budapest"]
[Date "1997.08.08"]
[Round "7"]
[White "Mikhalevski, Alexander"]
[Black "Arnold, Lothar"]
[Result "1-0"]
[WhiteElo "2470"]
[BlackElo "2350"]
[PlyCount "95"]
[EventDate "1997.08.02"]
[Source "ChessBase"]
[SourceDate "1997.09.26"]

1. d4 Nf6 2. c4 e5 3. dxe5 Ne4 4. Nf3 Nc6 5. Nbd2 Bb4 6. a3 Nxd2 7. axb4 Nxf3+ 8. exf3 Qe7 9. f4 Nxb4 10. Be2 O-O 11. O-O f6 12. Bd2 Nc6 13. Bc3 fxe5 14. Qd5+ Kh8 15. fxe5 d6 16. exd6 Qxe2 17. d7 Qg4 18. Rad1 Rd8 19. h3 Qg6 20. dxc8=Q Raxc8 21. Qb5 b6 22. Rd5 h6 23. Rfd1 Rd6 24. Rxd6 cxd6 25. Qd5 Kh7 26. Qxd6 Rd8 27. Qxg6+ Kxg6 28. Rxd8 Nxd8 29. Kf1 Ne6 30. Ke2 Kf5 31. Kf3 Ng5+ 32. Ke3 g6 33. f4 Nf7 34. g4+ Ke6 35. Bb4 h5 36. Bf8 hxg4 37. hxg4 a6 38. Ke4 Nd8 39. Bb4 Nf7 40. f5+ gxf5+ 41. gxf5+ Kd7 42. Kd5 Nd8 43. f6 Nf7 44. Bc3 Nd8 45. Bd4 b5 46. cxb5 axb5 47. Bc5 Nf7 48. Be7 1-0

[Event "Saint Lo Festival GM 2nd"]
[Site "Saint Lo"]
[Date "2000.07.09"]
[Round "2"]
[White "Vareille, Francois"]
[Black "Adrian, Claude"]
[Result "1-0"]
[WhiteElo "2411"]
[BlackElo "2407"]
[PlyCount "71"]
[EventDate "2000.07.08"]
[Source "www.chesslib.no"]
[SourceDate "2004.05.04"]

1. d4 Nf6 2. c4 e5 3. dxe5 Ne4 4. a3 Nc6 5. Nf3 d6 6. Qc2 d5 7. e3 Bg4 8. cxd5 Qxd5 9. Bc4 Qa5+ 10. b4 Bxb4+ 11. axb4 Qxa1 12. Qxe4 Bxf3 13. gxf3 Qxe5 14. b5 Qxe4 15. fxe4 Ne5 16. Be2 O-O 17. Bb2 Rfe8 18. f4 Nd7 19. Rg1 f6 20. Nc3 c6 21. e5 fxe5 22. Ne4 Re7 23. Nd6 Kh8 24. fxe5 Rf8 25. e6 Nf6 26. Nf5 Rxe6 27. Nxg7 Rg8 28. Nxe6 Rxg1+ 29. Kf2 Rg6 30. bxc6 bxc6 31. Nf4 Rh6 32. Nh5 Kg8 33. Nxf6+ Kf7 34. Bc4+ Kg6 35. Kg3 Kg5 36. Bd3 1-0

[Event "FRA-chT"]
[Site "FRA"]
[Date "1998.??.??"]
[Round "5"]
[White "Siegel, Georg"]
[Black "Toulzac, Pierre Yves"]
[Result "1-0"]
[WhiteElo "2540"]
[BlackElo "2265"]
[PlyCount "225"]
[EventDate "1998.02.06"]
[Source "www.chesslib.no"]
[SourceDate "2004.05.04"]

1. d4 Nf6 2. c4 e5 3. dxe5 Ne4 4. Nf3 Bb4+ 5. Nbd2 d5 6. exd6 Qxd6 7. a3 Bxd2+ 8. Nxd2 Nc5 9. Qc2 Qe5 10. Nf3 Bf5 11. Nxe5 Bxc2 12. b4 Nb3 13. Ra2 Bf5 14. Bf4 a5 15. b5 f6 16. Nf3 Kf7 17. Nd2 a4 18. f3 Nd7 19. e4 Rhe8 20. Kf2 Be6 21. Be2 c6 22. bxc6 bxc6 23. Rd1 Nbc5 24. Rb2 f5 25. exf5 Bxf5 26. Nf1 Ne5 27. Bxe5 Rxe5 28. Ne3 Rae8 29. Nxf5 Rxf5 30. Rd4 Rfe5 31. Rd6 R8e6 32. Rxe6 Rxe6 33. Rb8 Kf6 34. g3 Ke5 35. Rd8 Re7 36. f4+ Ke6 37. Rb8 Kd6 38. Kf3 Nb3 39. Bd1 Nd2+ 40. Kg4 Nxc4 41. Bxa4 Nxa3 42. Rh8 c5 43. Rxh7 c4 44. Kf5 Kc5 45. Rh8 Kb4 46. Bd1 c3 47. Rd8 Nc4 48. Kg6 Ne3 49. Rb8+ Kc5 50. Bb3 Nf1 51. Rc8+ Kd4 52. Bf7 Nxh2 53. Kxg7 Re3 54. Rd8+ Ke4 55. Bg6+ Kf3 56. f5 Ng4 57. f6 Nxf6 58. Kxf6 Kxg3 59. Kf5 Kf2 60. Kf4 Re6 61. Be4 Ke1 62. Bc2 Ke2 63. Rd3 Rc6 64. Ke4 Rc4+ 65. Ke5 Rc8 66. Rh3 Kd2 67. Rh2+ Ke3 68. Kd5 Rf8 69. Kc4 Rf2 70. Rh3+ Kd2 71. Kb3 Rf8 72. Rh2+ Ke3 73. Kxc3 Rc8+ 74. Kb2 Rb8+ 75. Bb3 Kd3 76. Rh3+ Kd4 77. Kc2 Rf8 78. Rh4+ Ke5 79. Kd2 Rf3 80. Bc2 Rf4 81. Rh8 Rf3 82. Bd3 Rg3 83. Kc3 Rg7 84. Rh5+ Kf4 85. Rd5 Ra7 86. Kd4 Ra4+ 87. Bc4 Ra1 88. Rd7 Ra4 89. Rf7+ Kg5 90. Kd5 Ra5+ 91. Ke6 Ra4 92. Bd5 Ra6+ 93. Ke5 Ra5 94. Rg7+ Kh6 95. Rg1 Rb5 96. Ke6 Ra5 97. Be4 Ra6+ 98. Kf5 Ra5+ 99. Kf4 Ra4 100. Rg6+ Kh5 101. Rc6 Rb4 102. Ra6 Rd4 103. Rb6 Ra4 104. Rb5+ Kh4 105. Rb1 Ra3 106. Rg1 Rb3 107. Rg4+ Kh5 108. Rg5+ Kh6 109. Rg6+ Kh5 110. Rc6 Rb4 111. Ra6 Rd4 112. Ra5+ Kh4 113. Ra1 1-0

[Event "SSKK"]
[Site "?"]
[Date "1997.04.15"]
[Round "?"]
[White "Romsdal Trond (NOR)"]
[Black "Thoernros Christer (SWE)"]
[Result "1-0"]
[WhiteElo "2410"]
[BlackElo "2395"]
[PlyCount "59"]
[EventDate "1997.??.??"]
[Source "www.chesslib.no"]
[SourceDate "2004.05.04"]

1. d4 Nf6 2. c4 e5 3. dxe5 Ne4 4. a3 Nc6 5. Nf3 d6 6. Qc2 d5 7. Nc3 Nxc3 8. Qxc3 Be7 9. Bf4 d4 10. Qd3 g5 11. Bg3 g4 12. Nd2 Be6 13. f4 Qd7 14. Bf2 O-O-O 15. O-O-O a5 16. g3 a4 17. Bg2 Na5 18. Be4 f5 19. exf6 Bxf6 20. Qc2 c5 21. Kb1 Kb8 22. Bd3 b5 23. cxb5 c4 24. Qxa4 cxd3 25. Qxa5 Qd5 26. Qb6+ Ka8 27. b3 Rc8 28. e4 dxe3 29. Bxe3 Qd7 30. f5 1-0

[Event "Koop Tjuchem op"]
[Site "Groningen"]
[Date "1996.??.??"]
[Round "9"]
[White "Roeder, Mathias"]
[Black "Stefanova, Antoaneta"]
[Result "1-0"]
[WhiteElo "2435"]
[BlackElo "2365"]
[PlyCount "71"]
[EventDate "1996.12.20"]
[Source "www.chesslib.no"]
[SourceDate "2004.05.04"]

1. d4 Nf6 2. c4 e5 3. dxe5 Ne4 4. a3 d6 5. Qc2 Bf5 6. Nc3 d5 7. cxd5 Nxc3 8. Qxf5 Nxd5 9. e6 f6 10. e4 Nb6 11. Be2 g6 12. Qb5+ Nc6 13. Nf3 Qd6 14. Be3 O-O-O 15. Rd1 Qxe6 16. Rxd8+ Nxd8 17. e5 a6 18. Qd3 Nd5 19. exf6 Bd6 20. Ng5 Qe5 21. Ne4 Nf7 22. Nxd6+ Nxd6 23. Bd4 Qe6 24. f7 Rf8 25. g3 Nxf7 26. O-O Ng5 27. f4 Nh3+ 28. Kh1 Rd8 29. Bf3 Ne7 30. Qc3 g5 31. f5 Qd7 32. f6 Ng6 33. Qb4 Qb5 34. Bg4+ Kb8 35. Qxb5 axb5 36. Bc3 1-0

[Event "Oslo"]
[Site "Oslo"]
[Date "1985.??.??"]
[Round "?"]
[White "Tisdall, Jonathan D"]
[Black "Stein, Bernd"]
[Result "1-0"]
[WhiteElo "2420"]
[BlackElo "2380"]
[PlyCount "51"]
[EventDate "1985.03.??"]
[Source "ChessBase"]

1. d4 Nf6 2. c4 e5 3. dxe5 Ne4 4. a3 Qh4 5. g3 Qh5 6. Bg2 Qxe5 7. Nd2 Nxd2 8. Qxd2 Nc6 9. Nf3 Qh5 10. Qd5 Qxd5 11. cxd5 Nd8 12. Nd4 c6 13. Bf4 f6 14. O-O a6 15. b4 g6 16. Rfd1 cxd5 17. Bxd5 Ne6 18. Be3 Be7 19. Rac1 Bd8 20. Nb3 O-O 21. Nc5 Bb6 22. Nxe6 dxe6 23. Rxc8 Rfxc8 24. Bxe6+ Kh8 25. Bxc8 Bxe3 26. Rd8+ 1-0

[Event "Antwerp"]
[Site "Antwerp"]
[Date "1997.05.31"]
[Round "?"]
[White "Karpov, Anatoly"]
[Black "Hajenius, Willem"]
[Result "1/2-1/2"]
[WhiteElo "2760"]
[BlackElo "2035"]
[PlyCount "42"]
[EventDate "1997.??.??"]
[Source "ChessBase"]
[SourceDate "1997.08.01"]

1. d4 Nf6 2. c4 e5 3. dxe5 Ne4 4. Qd5 Bb4+ 5. Nd2 Nc5 6. a3 Bxd2+ 7. Bxd2 b6 8. Rd1 Bb7 9. Qd4 Qe7 10. Qg4 f6 11. b4 Ne4 12. exf6 Qxf6 13. Nf3 O-O 14. e3 Nxd2 15. Rxd2 Qa1+ 16. Ke2 Qxa3 17. h4 Qxb4 18. Rh3 Ba6 19. Ke1 Qb1+ 20. Rd1 Qb4+ 21. Rd2 Qb1+ 1/2-1/2

[Event "BL2-N9798"]
[Site "Germany"]
[Date "1998.??.??"]
[Round "9.3"]
[White "Lukacs, Peter"]
[Black "Becker, Walter"]
[Result "0-1"]
[WhiteElo "2520"]
[BlackElo "2275"]
[PlyCount "34"]
[EventDate "1997.10.??"]
[Source "www.chesslib.no"]
[SourceDate "2004.05.04"]

1. d4 Nf6 2. c4 e5 3. dxe5 Ne4 4. a3 d6 5. Qc2 d5 6. cxd5 Qxd5 7. Nf3 Nc6 8. Nc3 Nxc3 9. Qxc3 Bg4 10. b4 O-O-O 11. Bb2 g6 12. b5 Bxf3 13. bxc6 Bh6 14. cxb7+ Kb8 15. Qd4 Bd2+ 16. Kxd2 Qxe5 17. e3 c5 0-1

[Event "Corr"]
[Site "?"]
[Date "1995.06.30"]
[Round "?"]
[White "Sielaff Rudolf"]
[Black "Etmans Drs.Maarten D.(NED)"]
[Result "1-0"]
[WhiteElo "2490"]
[BlackElo "2300"]
[PlyCount "33"]
[EventDate "1995.??.??"]
[Source "www.chesslib.no"]
[SourceDate "2004.05.04"]

1. d4 Nf6 2. c4 e5 3. dxe5 Ne4 4. a3 Nc6 5. Nf3 a5 6. Qc2 Nc5 7. Nc3 h6 8. Be3 b6 9. Rd1 Be7 10. Nd5 O-O 11. h4 Ne6 12. Rh3 Re8 13. Rg3 Kh8 14. Qf5 Rf8 15. Bxh6 gxh6 16. Qh5 Kh7 17. e3 1-0